Thriller - Michael Jackson - Statistics

General Stats
  • This quiz has been taken 62 times
  • The average score is 7 of 9
Answer Stats
Songs Plays Artists % Correct
Thriller 762,926,569 Michael Jackson, Vincent Price
98%
Beat It 1,488,426,022 Michael Jackson, Eddie Van Halen
86%
Billie Jean 2,310,918,366 Michael Jackson
86%
The Girl Is Mine 162,301,985 Michael Jackson, Paul McCartney
71%
P.Y.T. (Pretty Young Thing) 526,995,149 Michael Jackson
69%
Human Nature 261,100,112 Michael Jackson
67%
Wanna Be Startin' Somethin' 227,282,542 Michael Jackson
65%
Baby Be Mine 98,659,442 Michael Jackson
61%
The Lady In My Life 76,472,205 Michael Jackson
57%
No matching quizzes found
Score Distribution
Percent of People with Each Score
Percentile by Number Answered
Your Score History
You have not taken this quiz